000 00552nam a2200205Ia 4500
001 18717
003 GE_BSU
008 181216s||||||||xx |||||||||||||| ||und||
040 _cGE_BSU
245 _aГенетика,Том 52,№9.2016.
245 _cГл.ред.С.В.Шестаков и др.
260 _aМосква
260 _bНаука
260 _c2016
300 _a1112ст; таб,28см.
653 _aГенетика,Том 52,№9.2016.
653 _aПериодика
653 _aპერიოდიკა
942 _cCR
999 _c51725
_d51725